Escritos literarios (Record no. 209849)

MARC details
000 -CABECERA
campo de control de longitud fija 00821cam a22002537a 4500
003 - IDENTIFICADOR DEL NÚMERO DE CONTROL
campo de control MX-MxUPN
005 - FECHA Y HORA DE LA ÚLTIMA TRANSACCIÓN
campo de control 20260327103657.0
008 - ELEMENTOS DE LONGITUD FIJA--INFORMACIÓN GENERAL
campo de control de longitud fija 230620b2005 mx| ||| r|||| 000 0 spa d
020 ## - NÚMERO INTERNACIONAL NORMALIZADO PARA LIBROS
Número Internacional Estándar del Libro 9709969021
040 ## - FUENTE DE LA CATALOGACIÓN
Centro catalogador/agencia de origen MX-MxUPN
Lengua de catalogación spa
041 ## - CÓDIGO DE IDIOMA
Código de lengua del texto/banda sonora o título independiente spa
050 #4 - SIGNATURA TOPOGRÁFICA DE LA BIBLIOTECA DEL CONGRESO
Número de clasificación PQ7298.17 A725
Número de documento/Ítem A6 2005
100 1# - ASIENTO PRINCIPAL--NOMBRE PERSONAL
Nombre de persona García Ramírez, Sergio,
Fechas asociadas al nombre 1938-
9 (RLIN) 35355
245 10 - MENCIÓN DE TÍTULO
Título Escritos literarios
250 ## - MENCIÓN DE EDICIÓN
Mención de edición Primera edición
260 ## - PUBLICACIÓN, DISTRIBUCIÓN, ETC.
Lugar de publicación, distribución, etc. México, D.F. :
Nombre del editor, distribuidor, etc. Seminario de Cultura Mexicana,
Fecha de publicación, distribución, etc. 2005
300 ## - DESCRIPCIÓN FÍSICA
Extensión 173 paginas
490 0# - MENCIÓN DE SERIE
Mención de serie Cuadernos del Seminario de Cultura Mexicana
650 #4 - ASIENTO SECUNDARIO DE MATERIA - TERMINO TEMATICO
Término de materia o nombre geográfico como elemento de entrada Literatura mexicana
Subdivisión cronológica Siglo XX
9 (RLIN) 5344
700 1# - ASIENTO SECUNDARIO--NOMBRE DE PERSONAL
Nombre de persona Torre Villar, Ernesto de la,
Fechas asociadas al nombre 1917-2009
9 (RLIN) 29618
Término indicativo de función/relación presentación
902 ## - ELEMENTOS DE DATOS B LOCAL, LDB (RLIN)
Creó FernandoJiménezSánchez200623
Modificó VìctorGodìnez/270326
942 ## - ELEMENTOS DE PUNTO DE ACCESO ADICIONAL (KOHA)
Fuente del sistema de clasificación o colocación Library of Congress Classification
Tipo de ítem Koha Libro
Holdings
Estado de retiro Estado de pérdida Fuente del sistema de clasificación o colocación Estado dañado No para préstamo Código de colección Localización permanente Ubicación/localización actual Ubicación en estantería Fecha de adquisición Total de préstamos Clasificación Código de barras Fecha visto por última vez Precio válido a partir de Tipo de ítem Koha
    Library of Congress Classification     Colección General Bib. Gregorio Torres Quintero Bib. Gregorio Torres Quintero Planta baja 20/06/2023   PQ7298.17 A725 A6 2005 336526 20/06/2023 20/06/2023 Libro